000 00845cpcaa2200241 a 4500
001 mm 79004877
003 DLC
005 20260227111648.0
008 791113|||||||||||| eng
010 _amm 79004877
040 _aDLC
_cDLC
_edacs
_dDLC
072 7 _aW
_2lcmd
100 1 _aScofield, M.
245 0 0 _aAbraham Lincoln biographical sketch,
_fundated.
300 _a1
_fitem.
506 0 _aOpen to research.
520 8 _aBiographical sketch (6 pages) of Lincoln written by Scofield at age ten.
546 _aCollection material in English.
580 _aForms part of: Miscellaneous Manuscripts collection.
600 1 0 _aLincoln, Abraham,
_d1809-1865.
999 _c41675
_d41675